00737cam a2200193 i 4500020003100000020001800031040000900049082002600058245011900084300002900203490006600232650001600298650001600314700002300330710001600353942001000369999001700379952014700396 a9781464801884 (alk. paper) a9781464801891 cDNAL00a333 ICI 2007 C165 Or.00aAgricultural land redistribution and land administration in Sub-Saharan Africa :bcase studies of recent reforms / axiv, 134 pages :c26 cm.1 aDirections in development :agriculture and rural development 0aLand reform 0aLand tenure1 aByamugisha, Frank,2 aWorld Bank. cAEDBB c19328d19328 0010406333_000000000000000_ICI_2007_C165_OR70984658aLBCbLBCcC165d2020-09-23eA38958o333 ICI 2007 C165 Or.r2020-09-23w2020-09-23yEK